| 000 | 01361nam a2200277 a 4500 | ||
|---|---|---|---|
| 003 | PE SENCICO BE | ||
| 005 | 20251020182435.0 | ||
| 008 | 200515s9999 xx 000 0 und d | ||
| 020 | _a978-84-09-18822-2 | ||
| 040 |
_aPE SENCICO BE _cPE SENCICO BE |
||
| 041 |
_aeng _aspa |
||
| 082 |
_a690.2 _bA |
||
| 110 | 1 |
_91479 _aA + T Research group |
|
| 245 | 1 | 0 |
_a50 edificios híbridos : _bcatálogo sobre al arte de mezclar usos = 50 hybrid buildings : catalogue on the art of mixing uses / _cA + T Research Group |
| 250 | _a[1a ed.] | ||
| 260 |
_aMadrid : _bA + T Research Group, _c[2020] |
||
| 300 |
_a359 páginas : _bilustraciones a color ; _c17 cm. |
||
| 520 | _aEsta obra rescata 50 edificios híbridos diseñados entre finales del siglo XIX y comienzos del XXI. Cada uno de ellos está analizado en sección, con sus funciones a la vista y cuenta una historia estimulante. Es un catálogo de tipos sin tipología, tipos duros que insisten en mezclar usos y usuarios, tipos a los que les gusta la complejidad y la indeterminación y abominan de la pureza y de la segregación. | ||
| 650 | 1 | 0 |
_aEdificios _9519 |
| 650 | 2 | 0 |
_aDiseño arquitectónico _918 |
| 650 | 2 | 0 |
_aEdificios inteligentes _9249 |
| 650 | 2 | 0 |
_aReparación y construcción de edificios _91032 |
| 650 | 2 | 0 |
_aTecnología de la construcción _9589 |
| 942 |
_cLIB _2ddc |
||
| 999 |
_c354 _d354 |
||